One Word Movies: Ben Stiller Quiz Stats

 Plays Quiz not verified by Sporcle

Challenge
Share
Tweet
Embed
Score 0/7 Timer 01:30
0 Plays Today
Year Movies % Correct
2001Zoolander
95.3%
2005Madagascar
51.8%
2004Envy
42.4%
2010Greenberg
38.8%
2003Duplex
34.1%
2010Megamind
20%
1990Stella
14.1%

You're not logged in!

Compare scores with friends on all Sporcle quizzes.
Join for Free
OR
Log In

You Might Also Like...

Show Comments

Extras

Top Quizzes Today


Score Distribution

Your Account Isn't Verified!

In order to create a playlist on Sporcle, you need to verify the email address you used during registration. Go to your Sporcle Settings to finish the process.

Report this User

Report this user for behavior that violates our Community Guidelines.

Details: